Heroes in Heroes of the Storm - Statistics

General Stats
  • This quiz has been taken 17 times
  • The average score is 51 of 90
Answer Stats
Role Answer % Correct
Healer Li Li
100%
Support Abathur
90%
Healer Malfurion
90%
Support The Lost Vikings
90%
Bruiser Thrall
90%
Ranged Assassin Valla
90%
Bruiser Artanis
80%
Tank Arthas
80%
Healer Auriel
80%
Bruiser Deathwing
80%
Tank Diablo
80%
Ranged Assassin Kael'thas
80%
Melee Assassin Kerrigan
80%
Ranged Assassin Li-Ming
80%
Ranged Assassin Sgt. Hammer
80%
Ranged Assassin Tassadar
80%
Support Zarya
80%
Melee Assassin Zeratul
80%
Tank Anub'arak
70%
Bruiser Chen
70%
Tank Cho
70%
Tank Garrosh
70%
Bruiser Gazlowe
70%
Ranged Assassin Genji
70%
Ranged Assassin Jaina
70%
Healer Lucio
70%
Melee Assassin Murky
70%
Ranged Assassin Nazeebo
70%
Ranged Assassin Raynor
70%
Healer Rehgar
70%
Ranged Assassin Tracer
70%
Ranged Assassin Tychus
70%
Tank Tyrael
70%
Ranged Assassin Zagara
70%
Melee Assassin Alarak
60%
Healer Ana
60%
Healer Brightwing
60%
Bruiser Dehaka
60%
Ranged Assassin Hanzo
60%
Healer Lt. Morales
60%
Ranged Assassin Mephisto
60%
Tank Muradin
60%
Ranged Assassin Nova
60%
Bruiser Xul
60%
Melee Assassin Butcher
50%
Ranged Assassin Chromie
50%
Healer Deckard
50%
Ranged Assassin Falstad
50%
Ranged Assassin Fenix
50%
Ranged Assassin Gall
50%
Ranged Assassin Gul'dan
50%
Bruiser Hogger
50%
Tank Johanna
50%
Ranged Assassin Junkrat
50%
Ranged Assassin Kel'thuzad
50%
Healer Kharazim
50%
Melee Assassin Maiev
50%
Tank Mei
50%
Ranged Assassin Orphea
50%
Bruiser Rexxar
50%
Melee Assassin Samuro
50%
Bruiser Sonya
50%
Healer Tyrande
50%
Bruiser Varian
50%
Healer Whitemane
50%
Ranged Assassin Zul'jin
50%
Healer Alexstraza
40%
Healer Anduin
40%
Ranged Assassin Azmodan
40%
Tank Blaze
40%
Bruiser D.Va
40%
Tank E.T.C.
40%
Bruiser Leoric
40%
Ranged Assassin Lunara
40%
Bruiser Malthael
40%
Support Medivh
40%
Ranged Assassin Probius
40%
Melee Assassin Qhira
40%
Tank Stitches
40%
Ranged Assassin Sylvanas
40%
Healer Uther
40%
Melee Assassin Valeera
40%
Bruiser Yrel
40%
Ranged Assassin Cassia
30%
Bruiser Imperius
30%
Tank Mal'ganis
30%
Ranged Assassin Greymane
20%
Melee Assassin Illadin
10%
Healer Stukov
10%
Bruiser Ragnoros
0%
No matching quizzes found
Score Distribution
Percent of People with Each Score
Percentile by Number Answered
Your Score History
You have not taken this quiz